COMPENDIO DE HISTORIA DE MEXICO (Registro nro. 3945)
[ vista simple ]
| 000 -LEADER | |
|---|---|
| fixed length control field | 00414nam a2200169 a 4500 |
| 001 - CONTROL NUMBER | |
| control field | 3945 |
| 005 - DATE AND TIME OF LATEST TRANSACTION | |
| control field | 20180713183838.0 |
| 008 - FIXED-LENGTH DATA ELEMENTS--GENERAL INFORMATION | |
| fixed length control field | 140415s1984 mx 000 0 spa d |
| 041 ## - LANGUAGE CODE | |
| Language code of text/sound track or separate title | spa |
| 082 ## - DEWEY DECIMAL CLASSIFICATION NUMBER | |
| Classification number | 972 |
| Item number | BRA |
| 100 1# - MAIN ENTRY--PERSONAL NAME | |
| Personal name | BRAVO UGARTE, JOSE |
| 245 10 - TITLE STATEMENT | |
| Title | COMPENDIO DE HISTORIA DE MEXICO |
| 250 ## - EDITION STATEMENT | |
| Edition statement | 12ed. |
| 260 ## - PUBLICATION, DISTRIBUTION, ETC. | |
| Place of publication, distribution, etc. | MEXICO : |
| Name of publisher, distributor, etc. | JUS, |
| Date of publication, distribution, etc. | 1984 |
| 300 ## - PHYSICAL DESCRIPTION | |
| Extent | 364 |
| 650 14 - SUBJECT ADDED ENTRY--TOPICAL TERM | |
| Topical term or geographic name entry element | MEXICO |
| General subdivision | HISTORIA |
| Withdrawn status | Lost status | Source of classification or shelving scheme | Damaged status | Not for loan | Home library | Current library | Shelving location | Date acquired | Source of acquisition | Total Checkouts | Full call number | Barcode | Price effective from | Koha item type | Collection code | Inventory number | Date last seen | Date last checked out |
|---|---|---|---|---|---|---|---|---|---|---|---|---|---|---|---|---|---|---|
| Extraviado | Dewey Decimal Classification | Biblioteca Karol Wojtyla | Biblioteca Karol Wojtyla | 03/12/2013 | Compra | 972 BRA | 900 | 03/12/2013 | Libro | |||||||||
| Dewey Decimal Classification | Biblioteca Karol Wojtyla | Biblioteca Karol Wojtyla | Sala general | 03/12/2013 | Compra | 972 BRA | 15300 | 03/12/2013 | Libro | General | 151000000000000000035606 | 05/01/2026 | 14/05/2018 | |||||
| Dewey Decimal Classification | Biblioteca Karol Wojtyla | Biblioteca Karol Wojtyla | Sala general | 03/12/2013 | Compra | 972 BRA | 39077 | 03/12/2013 | Libro | General | 151000000000000000035609 | 05/01/2026 | 13/06/2016 | |||||
| Extraviado | Dewey Decimal Classification | Biblioteca Karol Wojtyla | Biblioteca Karol Wojtyla | 03/12/2013 | Compra | 972 BRA | 16351 | 03/12/2013 | Libro |